Asbestos producing countries Quiz Stats

 Plays Quiz not verified by Sporcle

Score 0/16 Timer 05:00
0 Plays Today
Amount Country % Correct
438,962,000China
95.7%
1,500,000United States
93%
900,000,000Russia
92.8%
6,392,000India
87.1%
250,000,000Canada
85.1%
252,067,000Brazil
83.7%
13,000,000South Africa
64.5%
380,000Pakistan
63.3%
Amount Country % Correct
82,018,000Iran
61.6%
346,500,000Kazakhstan
54.2%
330,000Egypt
48.7%
60,000,000Colombia
44.8%
130,000,000Zimbabwe
17.5%
110,000Serbia
13.7%
500,000Bosnia-Herzegovina
7.4%
5,000,000Swaziland
5.5%

You're not logged in!

Compare scores with friends on all Sporcle quizzes.
OR
Log In

Show Comments

Extras

Top Quizzes Today


Score Distribution

Your Account Isn't Verified!

In order to create a playlist on Sporcle, you need to verify the email address you used during registration. Go to your Sporcle Settings to finish the process.

Report this User

Report this user for behavior that violates our Community Guidelines.

Details: